00331nam a22001097a 4500003000400000245003800004260003500042300001000077942001200087952010500099999001700204SGT aJournal of conservative Dentistry bWolters Publisher c2021-2022 a1-640 2ddccBV 00102ddc405171aFDbFDd2025-03-24hVol.24iSGTUl0pPD1345r2025-03-24 00:00:00w2025-03-24yBV c30409d30409